000 00261nam a22000977a 4500
999 _c11247
_d11247
008 181122b ||||| |||| 00| 0 eng d
020 _a9788183507820
100 _8Grewal,T.S.
245 _aDouble Entry Book Keeping-Vol-II
260 _aNew Delhi
_bSultan Chand
_c2018